[Event "XI Paracin Festival 2018"]
[Site "Paracin"]
[Date "2018.07.12"]
[Round "8"]
[White "Uuriintuya, Uurtsaikh"]
[Black "Ikeda, Junta"]
[Result "1-0"]
[WhiteElo "2158"]
[BlackElo "2437"]
[Annotator "NA"]
[PlyCount "115"]
[EventDate "2018.07.06"]
[EventType "swiss"]
[EventCountry "SRB"]
[SourceTitle "playchess.com"]
[Source "ChessBase"]
[SourceQuality "1"]
[TimeControl "5400+30"]

1. e4 {[%emt 0:00:00]} c5 {[%emt 0:00:00]} 2. Nf3 {[%emt 0:00:00]} d6 {[%emt 0:00:12]} 3. d4 {[%emt 0:00:01]} cxd4 {[%emt 0:00:04]} 4. Nxd4 {[%emt 0:00:06]} Nf6 {[%emt 0:00:04]} 5. Nc3 {[%emt 0:00:05]} Bd7 {[%emt 0:00:04]} 6. Bg5 {[%emt 0:00:24]} e6 {[%emt 0:00:05]} 7. Ndb5 {[%emt 0:00:51]} Bc6 {[%emt 0:07:59]} 8. Bxf6 {[%emt 0:01:35]} gxf6 {[%emt 0:00:04]} 9. Qh5 {[%emt 0:00:13]} a6 {[%emt 0:00:04]} 10. Nd4 {[%emt 0:00:09]} Qb6 {[%emt 0:01:51]} 11. O-O-O {[%emt 0:09:57]} Qc5 {[%emt 0:00:14]} 12. Qh3 {[%emt 0:22:02]} Bd7 {[%emt 0:05:43]} 13. Be2 {[%emt 0:08:34]} Nc6 {[%emt 0:16:42]} 14. Nb3 {[%emt 0:02:21]} Qg5+ {[%emt 0:09:17]} 15. Kb1 {[%emt 0:02:01]} h5 {[%emt 0:24:37]} 16. g3 {[%emt 0:02:07]} h4 {[%emt 0:01:14]} 17. f4 {[%emt 0:01:01]} Qh6 {[%emt 0:00:12]} 18. Qg2 {[%emt 0:01:16]} Be7 {[%emt 0:09:28]} 19. Rhg1 {[%emt 0:07:53]} hxg3 {[%emt 0:16:34]} 20. hxg3 {[%emt 0:00:11]} Qf8 {[%emt 0:00:22]} 21. Qf2 {[%emt 0:03:33]} Bd8 {[%emt 0:01:12]} 22. Na4 {[%emt 0:04:55]} Bc7 {[%emt 0:01:06]} 23. Nb6 {[%emt 0:01:50]} Rd8 {[%emt 0:00:20]} 24. Nd2 {[%emt 0:11:51]} Ne7 {[%emt 0:01:35]} 25. Ndc4 {[%emt 0:01:47]} Bc6 {[%emt 0:00:39]} 26. Bf3 {[%emt 0:01:53]} f5 {[%emt 0:01:31]} 27. exf5 {[%emt 0:02:11]} Nxf5 {[%emt 0:01:22]} 28. Bxc6+ {[%emt 0:06:48]} bxc6 {[%emt 0:00:04]} 29. Na4 {[%emt 0:01:28]} d5 {[%emt 0:00:39]} 30. Qa7 {[%emt 0:01:42]} Qe7 {[%emt 0:01:05]} 31. Ne3 {[%emt 0:00:48]} Bd6 {[%emt 0:00:30]} 32. Qb6 {[%emt 0:00:25]} Nxe3 {[%emt 0:00:11]} 33. Qxe3 {[%emt 0:00:02]} Rb8 {[%emt 0:00:19]} 34. Qc3 {[%emt 0:01:51]} Kd7 {[%emt 0:00:04]} 35. Rh1 {[%emt 0:00:35]} Rxh1 {[%emt 0:01:04]} 36. Rxh1 {[%emt 0:00:01]} Rb4 {[%emt 0:00:08]} 37. b3 {[%emt 0:00:32]} Kc7 {[%emt 0:00:24]} 38. Rh7 {[%emt 0:01:07]} e5 {[%emt 0:00:55]} 39. a3 {[%emt 0:00:26]} Re4 {[%emt 0:00:41]} 40. Qa5+ {[%emt 0:00:22]} Kd7 {[%emt 0:00:13]} 41. f5 {[%emt 0:00:55]} Qf8 {[%emt 0:01:03]} 42. Qxa6 {[%emt 0:01:18]} Re1+ {[%emt 0:00:25]} 43. Ka2 {[%emt 0:00:04]} e4 {[%emt 0:00:31]} 44. Qb7+ {[%emt 0:01:55]} Bc7 {[%emt 0:00:25]} 45. Nb6+ {[%emt 0:00:49]} Kd6 {[%emt 0:00:06]} 46. Nc4+ {[%emt 0:00:51]} dxc4 {[%emt 0:00:22]} 47. Qb4+ {[%emt 0:00:12]} c5 {[%emt 0:00:13]} 48. Qxe1 {[%emt 0:00:17]} cxb3+ {[%emt 0:00:06]} 49. cxb3 {[%emt 0:00:09]} Qe8 {[%emt 0:01:21]} 50. Rh4 {[%emt 0:01:23]} Kd5 {[%emt 0:01:02]} 51. Qd2+ {[%emt 0:00:25]} Kc6 {[%emt 0:00:08]} 52. Rh6+ {[%emt 0:00:45]} Kb7 {[%emt 0:00:28]} 53. Qd5+ {[%emt 0:00:01]} Kc8 {[%emt 0:00:33]} 54. Qa8+ {[%emt 0:00:47]} Kd7 {[%emt 0:00:10]} 55. Qa4+ {[%emt 0:01:09]} Kd8 {[%emt 0:00:25]} 56. Qxe8+ {[%emt 0:00:31]} Kxe8 {[%emt 0:00:05]} 57. Rh4 {[%emt 0:00:03]} Bxg3 {[%emt 0:00:30]} 58. Rxe4+ {[%emt 0:00:06]} 1-0

[Event "XI Paracin Festival 2018"]
[Site "Paracin"]
[Date "2018.07.13"]
[Round "9"]
[White "Georgiev, Kiril"]
[Black "Petrov, Martin"]
[Result "1/2-1/2"]
[WhiteElo "2596"]
[BlackElo "2441"]
[Annotator "TA"]
[PlyCount "172"]
[EventDate "2018.07.06"]
[EventType "swiss"]
[EventCountry "SRB"]
[SourceTitle "playchess.com"]
[Source "ChessBase"]
[SourceQuality "1"]

{[%evp 23,172,5,37,25,42,25,59,67,77,20,55,41,43,42,55,62,61,49,60,38,27,31,44,7,41,33,40,13,19,18,20,12,9,14,14,4,4,0,0,3,0,0,1,1,2,3,3,0,5,5,8,0,5,0,23,21,23,23,19,0,0,0,0,0,0,0,-1,0,42,42,42,43,43,60,59,18,19,25,27,31,129,129,120,14,14,14,14,14,14,0,0,0,0,0,0,0,0,0,0,0,0,0,0,0,0,0,0,0,0,0,0,0,0,0,0,0,0,0,0,0,0,0,0,0,0,0,0,0,0,0,0,0,0,0,0,7,7,0,0,0,7,0,7,0,7,7,0,0,0,0,0]} 1. d4 Nf6 2. Nf3 e6 3. c4 b6 4. g3 Ba6 5. b3 Bb4+ 6. Bd2 Be7 7. Nc3 O-O 8. Rc1 d5 9. cxd5 exd5 10. Bg2 Bb7 11. O-O Nbd7 12. Bf4 c5 {LiveBook: 5 Games} 13. Ne5 {E15: Queen's Indian: 4 g3 sidelines, 4 g3 Ba6 and 4 g3 Bb7 early deviations} Re8 {[#]} 14. e3 $146 ({Predecessor:} 14. Nc4 Nf8 15. dxc5 Bxc5 16. Bg5 Ne6 17. Bxd5 Bxd5 18. Bxf6 Qxf6 19. Nxd5 Qg6 20. b4 Bd4 {1-0 (29) Kempinski,R (2586)-Kryvoruchko,Y (2703) Gorzow Wielkopolski 2014}) 14... Nf8 15. dxc5 {White is slightly better.} bxc5 16. Nd3 ({Better is} 16. Nc4 $16) 16... Ne6 17. Be5 Ne4 18. Qg4 Nxc3 19. Bxc3 Bf8 20. Rfd1 Qb6 21. Ne5 Rad8 $1 22. Qa4 Qc7 23. Nd3 {Threatening Ba5.} Bc6 24. Qa5 {Strongly threatening Qxc7.} Qb6 25. Rd2 Ba8 26. Rcd1 d4 27. Qxb6 axb6 28. exd4 cxd4 29. Bb2 Ng5 30. Bxa8 Rxa8 31. Kg2 Rxa2 32. Bxd4 Rxd2 33. Rxd2 Ne6 34. Be3 Rd8 35. Kf1 Rd5 36. Ke2 Rb5 37. b4 g6 38. Rc2 Kg7 39. Rc4 Kf6 40. Kd2 Ke7 41. Rh4 h5 42. Kc3 {aiming for Kc4.} Kd7 43. Rc4 Bg7+ 44. Kb3 Rd5 45. Nf4 Nxf4 46. Rxf4 $11 {[%mdl 4096] Endgame KRB-KRB} f5 47. Bxb6 Kc6 48. Kc4 Rd2 49. Be3 Rc2+ 50. Kd3 Rc3+ 51. Kd2 Kd5 (51... Rb3 $1 $14) 52. b5 $16 Rb3 {[#]} 53. Ra4 ({White must play} 53. b6 $1 $16) 53... Rxb5 $11 {The position is equal.} 54. Ra6 Bd4 55. Bxd4 Kxd4 56. Rxg6 {Ke2 is the strong threat. KR-KR} Ke4 57. Rg5 Rb2+ 58. Ke1 f4 59. gxf4 h4 60. Re5+ Kxf4 61. Re3 $1 Rb1+ 62. Ke2 Rh1 63. h3 Kf5 64. Rf3+ Ke4 65. Ra3 Kf5 66. Rb3 Kf4 67. Rc3 Kf5 68. Kd2 Kf4 69. Rd3 Rh2 70. Ke1 Rh1+ 71. Ke2 Kf5 72. Rf3+ Ke4 73. Rb3 Kf5 74. Rc3 Kf4 75. Re3 Kf5 76. Kd3 Rd1+ 77. Ke2 Rh1 78. Rc3 Kf4 79. Rc4+ Kg5 $1 80. Rc5+ Kf4 81. Rc3 Kf5 82. Rd3 Kf4 83. Re3 Kf5 84. Ra3 Kf4 85. Rb3 Kf5 86. Rc3 Kf4 {Precision: White = 54%, Black = 80%.} 1/2-1/2

[Event "XI Paracin Festival 2018"]
[Site "Paracin"]
[Date "2018.07.13"]
[Round "9"]
[White "Savic, Miodrag R"]
[Black "Avalyan, Artur"]
[Result "1/2-1/2"]
[WhiteElo "2541"]
[BlackElo "2315"]
[Annotator "RC"]
[PlyCount "46"]
[EventDate "2018.07.06"]
[EventType "swiss"]
[EventCountry "SRB"]
[SourceTitle "playchess.com"]
[Source "ChessBase"]
[SourceQuality "1"]
[TimeControl "5400+30"]

1. e4 {[%emt 0:00:00]} e6 {[%emt 0:00:00]} 2. d4 {[%emt 0:00:59]} d5 {[%emt 0:00:02]} 3. Nd2 {[%emt 0:01:16]} c5 {[%emt 0:00:16]} 4. dxc5 {[%emt 0:00:13]} Nf6 {[%emt 0:01:06]} 5. exd5 {[%emt 0:04:11]} Qxd5 {[%emt 0:00:30]} 6. Ngf3 {[%emt 0:00:43]} Qxc5 {[%emt 0:00:12]} 7. Bd3 {[%emt 0:01:27]} Nbd7 {[%emt 0:00:42]} 8. O-O {[%emt 0:01:23]} Qc7 {[%emt 0:00:18]} 9. Qe2 {[%emt 0:04:46]} Be7 {[%emt 0:02:02]} 10. Ne4 {[%emt 0:04:41]} b6 {[%emt 0:06:54]} 11. Neg5 {[%emt 0:04:02]} O-O {[%emt 0:15:10]} 12. b4 {[%emt 0:15:44]} Bb7 {[%emt 0:08:43]} 13. Bb2 {[%emt 0:14:04]} h6 {[%emt 0:10:22]} 14. Nxe6 {[%emt 0:15:50]} fxe6 {[%emt 0:00:33]} 15. Qxe6+ {[%emt 0:00:03]} Rf7 {[%emt 0:00:45]} 16. Bc4 {[%emt 0:02:23]} Raf8 {[%emt 0:01:52]} 17. Nh4 {[%emt 0:06:26]} b5 {[%emt 0:21:18]} 18. Bb3 {[%emt 0:01:10]} Bxb4 {[%emt 0:01:46]} 19. Ng6 {[%emt 0:00:56]} Nc5 {[%emt 0:01:19]} 20. Ne7+ {[%emt 0:03:00]} Kh8 {[%emt 0:01:16]} 21. Ng6+ {[%emt 0:00:03]} Kg8 {[%emt 0:01:07]} 22. Ne7+ {[%emt 0:02:14]} Kh8 {[%emt 0:00:58]} 23. Ng6+ {[%emt 0:00:41]} Kg8 {[%emt 0:01:03]} 1/2-1/2

[Event "XI Paracin Festival 2018"]
[Site "Paracin"]
[Date "2018.07.13"]
[Round "9"]
[White "Kadric, Denis"]
[Black "Perunovic, Milos"]
[Result "1/2-1/2"]
[WhiteElo "2522"]
[BlackElo "2596"]
[Annotator "TA"]
[PlyCount "29"]
[EventDate "2018.07.06"]
[EventType "swiss"]
[EventCountry "SRB"]
[SourceTitle "playchess.com"]
[Source "ChessBase"]
[SourceQuality "1"]

{[%evp 28,29,28,0]} 1. e4 e5 2. Nf3 Nc6 3. Bb5 a6 4. Ba4 Nf6 5. O-O Be7 6. Re1 b5 7. Bb3 d6 8. c3 O-O 9. h3 Bb7 10. d4 Re8 11. Ng5 $146 ({Predecessor:} 11. a4 Bf8 12. Bg5 h6 13. Bxf6 Qxf6 14. Bd5 Rab8 15. Na3 exd4 16. axb5 axb5 17. cxd4 Nb4 18. Bxb7 Rxb7 19. d5 Na6 {1-0 (80) Sutovsky,E (2647)-Kovalev,V (2650) Poikovsky 2018}) 11... Rf8 12. Nf3 Re8 13. Ng5 Rf8 14. Nf3 Re8 15. Ng5 {LiveBook: 2469 Games. C92: Closed Ruy Lopez: 9...Be6, Karpov and Flohr-Zaitsev Variations} 1/2-1/2

[Event "XI Paracin Festival 2018"]
[Site "Paracin"]
[Date "2018.07.13"]
[Round "9"]
[White "Lorparizangeneh, Shahin"]
[Black "Tan, Justin"]
[Result "1/2-1/2"]
[WhiteElo "2493"]
[BlackElo "2481"]
[Annotator "RC"]
[PlyCount "42"]
[EventDate "2018.07.06"]
[EventType "swiss"]
[EventCountry "SRB"]
[SourceTitle "playchess.com"]
[Source "ChessBase"]
[SourceQuality "1"]
[TimeControl "5400+30"]

1. Nf3 {[%emt 0:00:39]} d5 {[%emt 0:00:58]} 2. g3 {[%emt 0:00:15]} c6 {[%emt 0:01:10]} 3. Bg2 {[%emt 0:00:08]} g6 {[%emt 0:00:40]} 4. O-O {[%emt 0:01:46]} Bg7 {[%emt 0:00:08]} 5. d4 {[%emt 0:02:32]} Nf6 {[%emt 0:02:38]} 6. c3 {[%emt 0:08:28]} O-O {[%emt 0:00:37]} 7. Re1 {[%emt 0:00:28]} Ne4 {[%emt 0:06:21]} 8. Bf4 {[%emt 0:03:38]} Qb6 {[%emt 0:05:02]} 9. Qb3 {[%emt 0:03:02]} Nd7 {[%emt 0:08:28]} 10. Nbd2 {[%emt 0:05:10]} Nxd2 {[%emt 0:02:07]} 11. Nxd2 {[%emt 0:17:52]} e5 {[%emt 0:05:39]} 12. dxe5 {[%emt 0:00:12]} Nxe5 {[%emt 0:06:56]} 13. Bxe5 {[%emt 0:00:52]} Bxe5 {[%emt 0:01:23]} 14. e4 {[%emt 0:00:06]} dxe4 {[%emt 0:02:07]} 15. Nc4 {[%emt 0:03:30]} Qxb3 {[%emt 0:00:33]} 16. axb3 {[%emt 0:00:02]} Bc7 {[%emt 0:00:29]} 17. Rxe4 {[%emt 0:07:04]} Be6 {[%emt 0:00:48]} 18. b4 {[%emt 0:05:06]} Rfd8 {[%emt 0:02:00]} 19. Bf1 {[%emt 0:01:37]} Kf8 {[%emt 0:06:44]} 20. Ree1 {[%emt 0:02:42]} a6 {[%emt 0:01:45]} 21. Rad1 {[%emt 0:03:57]} Rxd1 {[%emt 0:04:46]} 1/2-1/2

[Event "XI Paracin Festival 2018"]
[Site "Paracin"]
[Date "2018.07.13"]
[Round "9"]
[White "Milanovic, Danilo"]
[Black "Martic, Ivan"]
[Result "0-1"]
[WhiteElo "2471"]
[BlackElo "2375"]
[Annotator "ChessBase"]
[PlyCount "60"]
[EventDate "2018.07.06"]
[EventType "swiss"]
[EventCountry "SRB"]
[SourceTitle "playchess.com"]
[Source "ChessBase"]
[SourceQuality "1"]
[TimeControl "5400+30"]

1. d4 {[%emt 0:09:17]} Nf6 {[%emt 0:00:00]} 2. Nf3 {[%emt 0:01:33]} g6 {[%emt 0:01:10]} 3. Bf4 {[%emt 0:01:30]} Bg7 {[%emt 0:00:14]} 4. e3 {[%emt 0:00:13]} d6 {[%emt 0:01:28]} 5. h3 {[%emt 0:00:19]} O-O {[%emt 0:00:10]} 6. Be2 {[%emt 0:00:15]} Nbd7 {[%emt 0:01:17]} 7. O-O {[%emt 0:05:06]} Qe8 {[%emt 0:00:14]} 8. Bh2 {[%emt 0:02:13]} e5 {[%emt 0:01:11]} 9. c4 {[%emt 0:00:41]} Ne4 {[%emt 0:02:39]} 10. Re1 {[%emt 0:29:41]} Qe7 {[%emt 0:03:11]} 11. Bf1 {[%emt 0:01:51]} Kh8 {[%emt 0:08:59]} 12. Nbd2 {[%emt 0:11:02]} Nxd2 {[%emt 0:03:22]} 13. Nxd2 {[%emt 0:00:17]} f5 {[%emt 0:02:18]} 14. Rc1 {[%emt 0:00:33]} b6 {[%emt 0:07:09]} 15. Nb1 {[%emt 0:06:15]} Bb7 {[%emt 0:20:04]} 16. Nc3 {[%emt 0:00:33]} Rae8 {[%emt 0:05:05]} 17. Qd2 {[%emt 0:06:36]} a5 {[%emt 0:06:11]} 18. a3 {[%emt 0:08:25]} g5 {[%emt 0:03:31]} 19. b4 {[%emt 0:01:31]} axb4 {[%emt 0:00:18]} 20. axb4 {[%emt 0:00:01]} f4 {[%emt 0:01:23]} 21. exf4 {[%emt 0:04:40]} gxf4 {[%emt 0:00:16]} 22. c5 {[%emt 0:01:43]} bxc5 {[%emt 0:05:25]} 23. bxc5 {[%emt 0:00:06]} dxc5 {[%emt 0:01:29]} 24. dxe5 {[%emt 0:00:10]} Bxe5 {[%emt 0:07:10]} 25. Rcd1 {[%emt 0:01:44]} Bc6 {[%emt 0:06:42]} 26. Nd5 {[%emt 0:04:02]} Qd6 {[%emt 0:03:23]} 27. Qa2 {[%emt 0:02:28]} f3 {[%emt 0:05:03]} 28. Bxe5+ {[%emt 0:00:40]} Rxe5 {[%emt 0:01:04]} 29. Ne3 {[%emt 0:00:12]} Qe6 {[%emt 0:02:30]} 30. g3 {[%emt 0:00:47]} Qxa2 0-1

[Event "XI Paracin Festival 2018"]
[Site "Paracin"]
[Date "2018.07.13"]
[Round "9"]
[White "Kosic, Dragan"]
[Black "Uuriintuya, Uurtsaikh"]
[Result "1-0"]
[WhiteElo "2463"]
[BlackElo "2158"]
[Annotator "ChessBase"]
[PlyCount "119"]
[EventDate "2018.07.06"]
[EventType "swiss"]
[EventCountry "SRB"]
[SourceTitle "playchess.com"]
[Source "ChessBase"]
[SourceQuality "1"]
[TimeControl "5400+30"]

1. d4 {[%emt 0:00:00]} Nf6 {[%emt 0:00:00]} 2. Nf3 {[%emt 0:00:00]} g6 {[%emt 0:00:00]} 3. c4 {[%emt 0:00:06]} Bg7 {[%emt 0:00:08]} 4. Nc3 {[%emt 0:00:08]} O-O {[%emt 0:00:21]} 5. e4 {[%emt 0:00:07]} d6 {[%emt 0:00:05]} 6. Be2 {[%emt 0:00:07]} Na6 {[%emt 0:00:12]} 7. O-O {[%emt 0:00:38]} e5 {[%emt 0:00:08]} 8. Be3 {[%emt 0:00:10]} Ng4 {[%emt 0:00:14]} 9. Bg5 {[%emt 0:02:30]} Qe8 {[%emt 0:00:14]} 10. h3 {[%emt 0:01:04]} exd4 {[%emt 0:00:42]} 11. Nxd4 {[%emt 0:00:34]} Nf6 {[%emt 0:02:52]} 12. Bd3 {[%emt 0:00:54]} Nc5 {[%emt 0:13:37]} 13. Re1 {[%emt 0:00:55]} Ne6 {[%emt 0:07:47]} 14. Be3 {[%emt 0:01:35]} Bd7 {[%emt 0:17:56]} 15. Nf3 {[%emt 0:03:23]} a6 {[%emt 0:04:01]} 16. a4 {[%emt 0:00:31]} c5 {[%emt 0:02:45]} 17. a5 {[%emt 0:04:54]} Bc6 {[%emt 0:01:33]} 18. Bc2 {[%emt 0:01:03]} Qd8 {[%emt 0:00:46]} 19. Qd2 {[%emt 0:05:38]} b5 {[%emt 0:02:16]} 20. axb6 {[%emt 0:01:09]} Qxb6 {[%emt 0:00:14]} 21. Nd5 {[%emt 0:05:21]} Qb7 {[%emt 0:02:02]} 22. Ra2 {[%emt 0:06:39]} Rfe8 {[%emt 0:00:27]} 23. Rb1 {[%emt 0:02:15]} Nf8 {[%emt 0:13:06]} 24. Bh6 {[%emt 0:15:45]} N8d7 {[%emt 0:05:20]} 25. Bxg7 {[%emt 0:02:22]} Kxg7 {[%emt 0:00:07]} 26. Qc3 {[%emt 0:00:17]} Bxd5 {[%emt 0:03:16]} 27. cxd5 {[%emt 0:03:48]} Qb4 {[%emt 0:02:26]} 28. Nd2 {[%emt 0:01:27]} a5 {[%emt 0:05:50]} 29. Rba1 {[%emt 0:03:25]} Nb6 {[%emt 0:01:23]} 30. f3 {[%emt 0:04:19]} Re7 {[%emt 0:05:45]} 31. Ba4 {[%emt 0:01:56]} Rb8 {[%emt 0:05:08]} 32. Bc6 {[%emt 0:00:28]} a4 {[%emt 0:00:35]} 33. Qxb4 {[%emt 0:02:54]} cxb4 {[%emt 0:00:02]} 34. Bxa4 {[%emt 0:00:10]} Nxa4 {[%emt 0:00:18]} 35. Rxa4 {[%emt 0:00:05]} Rc7 {[%emt 0:00:04]} 36. b3 {[%emt 0:00:35]} Rc3 {[%emt 0:00:03]} 37. Ra6 {[%emt 0:00:27]} Rd3 {[%emt 0:00:44]} 38. R1a2 {[%emt 0:00:30]} Ne8 {[%emt 0:00:20]} 39. Kf2 {[%emt 0:01:53]} h6 {[%emt 0:02:56]} 40. h4 {[%emt 0:03:40]} f5 {[%emt 0:00:16]} 41. Ra7+ {[%emt 0:04:11]} Kf6 {[%emt 0:00:01]} 42. Ke2 {[%emt 0:02:17]} Rc3 {[%emt 0:00:05]} 43. Ra8 {[%emt 0:00:36]} Rcc8 {[%emt 0:00:54]} 44. Rxb8 {[%emt 0:00:16]} Rxb8 {[%emt 0:00:01]} 45. Nc4 {[%emt 0:00:11]} fxe4 {[%emt 0:01:17]} 46. fxe4 {[%emt 0:00:09]} g5 {[%emt 0:00:50]} 47. hxg5+ {[%emt 0:00:12]} Kxg5 {[%emt 0:00:20]} 48. Kd3 {[%emt 0:01:13]} h5 {[%emt 0:00:19]} 49. Ra6 {[%emt 0:00:39]} Rd8 {[%emt 0:01:55]} 50. Rb6 {[%emt 0:01:17]} Kf4 {[%emt 0:00:46]} 51. Rxb4 {[%emt 0:00:31]} Nf6 {[%emt 0:00:30]} 52. Rb7 {[%emt 0:01:02]} Ng4 {[%emt 0:01:40]} 53. Rh7 {[%emt 0:01:17]} Rb8 {[%emt 0:00:36]} 54. Rxh5 {[%emt 0:01:34]} Rxb3+ {[%emt 0:00:38]} 55. Kd4 {[%emt 0:01:16]} Rb4 {[%emt 0:00:48]} 56. Rf5+ {[%emt 0:01:28]} Kg3 {[%emt 0:00:07]} 57. Kc3 {[%emt 0:00:37]} Ra4 {[%emt 0:00:51]} 58. Nxd6 {[%emt 0:00:49]} Kxg2 {[%emt 0:00:20]} 59. Nc4 {[%emt 0:02:07]} Nf2 {[%emt 0:00:30]} 60. Kd4 {[%emt 0:02:06]} 1-0

[Event "XI Paracin Festival 2018"]
[Site "Paracin"]
[Date "2018.07.13"]
[Round "9"]
[White "Ikeda, Junta"]
[Black "Yordanov, Lachezar"]
[Result "1/2-1/2"]
[WhiteElo "2437"]
[BlackElo "2290"]
[Annotator "TA"]
[PlyCount "62"]
[EventDate "2018.07.06"]
[EventType "swiss"]
[EventCountry "SRB"]
[SourceTitle "playchess.com"]
[Source "ChessBase"]
[SourceQuality "1"]

{[%evp 17,62,-51,-55,-47,-19,-20,-7,-47,-35,-93,-55,-65,-62,-45,-37,-51,-53,-92,-102,-105,-36,-28,-28,-31,-14,-41,-18,-32,-29,-27,-20,-18,38,37,60,71,106,17,39,44,51,0,56,0,47,0,59]} 1. f4 d5 2. Nf3 Nf6 3. g3 g6 4. Bg2 Bg7 5. O-O O-O 6. d3 c5 7. Qe1 Nc6 8. c3 b6 9. h3 {A03: Bird's Opening with 1...d5} Re8 {LiveBook: 4 Games} 10. g4 $146 ({Predecessor:} 10. Ne5 Qc7 11. Nxc6 Qxc6 12. e4 Bb7 13. Nd2 dxe4 14. Nxe4 {0-1 (14) Jakubiec,A (2505)-Thorgeirsson,S (2278) Reykjavik 2016}) 10... h6 11. Na3 Bb7 12. Nc2 e5 13. g5 (13. Nxe5 $15 Nxe5 14. fxe5 Rxe5 15. Bf4) 13... e4 14. gxf6 exf3 15. Bxf3 Bxf6 16. Qf2 d4 17. c4 Qd7 18. Qg2 Nd8 (18... Re7 $17 19. f5 g5) 19. f5 $15 g5 20. Bd2 Kg7 21. Ne1 Rg8 22. b4 Kh7 23. bxc5 bxc5 24. Rb1 {[%cal Rb1b7]} Bxf3 (24... Rb8 $11) 25. Nxf3 $14 Nc6 26. Nh2 h5 27. Rb5 ({White should play} 27. Qf3 $16 Kh6 28. h4) 27... Qd6 28. Qd5 Qg3+ 29. Qg2 Qd6 30. Qd5 Qg3+ 31. Qg2 Qd6 {Precision: White = 41%, Black = 49%.} 1/2-1/2

[Event "XI Paracin Festival 2018"]
[Site "Paracin"]
[Date "2018.07.13"]
[Round "9"]
[White "Arsovic, Zoran"]
[Black "Ninov, Dayan"]
[Result "1-0"]
[WhiteElo "2436"]
[BlackElo "2229"]
[Annotator "NA"]
[PlyCount "97"]
[EventDate "2018.07.06"]
[EventType "swiss"]
[EventCountry "SRB"]
[SourceTitle "playchess.com"]
[Source "ChessBase"]
[SourceQuality "1"]
[TimeControl "5400+30"]

1. Nf3 {[%emt 0:00:00]} d5 {[%emt 0:05:17]} 2. g3 {[%emt 0:00:23]} Nf6 {[%emt 0:00:28]} 3. Bg2 {[%emt 0:00:16]} c6 {[%emt 0:00:09]} 4. O-O {[%emt 0:00:39]} Bf5 {[%emt 0:01:33]} 5. c4 {[%emt 0:00:55]} e6 {[%emt 0:00:32]} 6. cxd5 {[%emt 0:01:14]} exd5 {[%emt 0:00:43]} 7. d3 {[%emt 0:00:40]} Be7 {[%emt 0:01:33]} 8. Qb3 {[%emt 0:00:58]} Qb6 {[%emt 0:00:11]} 9. Qc2 {[%emt 0:01:39]} h6 {[%emt 0:00:46]} 10. Nc3 {[%emt 0:08:15]} O-O {[%emt 0:01:12]} 11. e4 {[%emt 0:00:10]} Bh7 {[%emt 0:01:14]} 12. Be3 {[%emt 0:07:22]} Qa6 {[%emt 0:02:52]} 13. Rfd1 {[%emt 0:04:17]} Nbd7 {[%emt 0:11:55]} 14. a3 {[%emt 0:14:52]} Bc5 {[%emt 0:09:07]} 15. Bf4 {[%emt 0:21:38]} Rfe8 {[%emt 0:13:15]} 16. b4 {[%emt 0:01:30]} Bf8 {[%emt 0:03:21]} 17. exd5 {[%emt 0:05:05]} cxd5 {[%emt 0:03:55]} 18. Qb3 {[%emt 0:00:52]} Bd6 {[%emt 0:17:10]} 19. Be3 {[%emt 0:07:13]} Rad8 {[%emt 0:11:59]} 20. Bd4 {[%emt 0:04:17]} Ne5 {[%emt 0:03:48]} 21. b5 {[%emt 0:04:18]} Qa5 {[%emt 0:00:29]} 22. Nxe5 {[%emt 0:00:47]} Bxe5 {[%emt 0:00:18]} 23. Bxe5 {[%emt 0:00:06]} Rxe5 {[%emt 0:00:08]} 24. d4 {[%emt 0:00:12]} Re7 {[%emt 0:03:53]} 25. Nxd5 {[%emt 0:04:27]} Nxd5 {[%emt 0:00:11]} 26. Bxd5 {[%emt 0:00:08]} Red7 {[%emt 0:00:10]} 27. Bf3 {[%emt 0:05:30]} Rxd4 {[%emt 0:01:36]} 28. Rxd4 {[%emt 0:00:27]} Rxd4 {[%emt 0:00:08]} 29. Bxb7 {[%emt 0:00:43]} Bg6 {[%emt 0:02:15]} 30. Bc6 {[%emt 0:01:03]} Rd2 {[%emt 0:02:53]} 31. Qb4 {[%emt 0:01:09]} Qd8 {[%emt 0:00:02]} 32. Re1 {[%emt 0:00:34]} Rd1 {[%emt 0:00:56]} 33. Kg2 {[%emt 0:00:35]} Rxe1 {[%emt 0:01:31]} 34. Qxe1 {[%emt 0:00:05]} Qd4 {[%emt 0:00:25]} 35. Qe7 {[%emt 0:01:44]} Kh7 {[%emt 0:00:49]} 36. h4 {[%emt 0:00:22]} h5 {[%emt 0:00:43]} 37. Bf3 {[%emt 0:00:33]} Qb6 {[%emt 0:00:32]} 38. Qe5 {[%emt 0:00:49]} f6 {[%emt 0:00:29]} 39. Qd5 {[%emt 0:00:06]} Kh6 {[%emt 0:00:30]} 40. Qd2+ {[%emt 0:00:38]} Kh7 {[%emt 0:00:02]} 41. a4 {[%emt 0:01:06]} Qc5 {[%emt 0:00:41]} 42. Qe3 {[%emt 0:00:15]} Qc7 {[%emt 0:00:17]} 43. Qe6 {[%emt 0:01:02]} Qc1 {[%emt 0:00:53]} 44. a5 {[%emt 0:00:46]} Qb1 {[%emt 0:00:21]} 45. b6 {[%emt 0:00:27]} Bd3 {[%emt 0:00:40]} 46. Qe3 {[%emt 0:00:49]} axb6 {[%emt 0:00:37]} 47. axb6 {[%emt 0:00:12]} Qf1+ {[%emt 0:00:28]} 48. Kh2 {[%emt 0:00:08]} Bf5 {[%emt 0:00:27]} 49. Bg2 {[%emt 0:00:45]} 1-0